00474nam a2200157 4500001000700000003000900007005001700016007000300033008004100036110000600077245007500083260003300158300003000191500007400221852002100295126087ES-MaACL20250904063057.0t|070214s1924 fr r ||||1| fre d1 a 10aMonuments nouveaux de l'art antique / cS. Reinach. n, . Tome second. aParis : bSimon Kra, c1924. a368 p. : bil. ; c28 cm. aEn la port.: Courriers de l'art antique de la Gazette des Beaux-Arts. aES-MaACLjD-8813